00286nam a2200109 4500008004100000082001500041100001700056245004700073260003400120300000900154440001300163230621b xxu||||| |||| 00| 0 eng d a328.6bDAV cJ.W Davidson aThe Northern Rhodesian Legislative Council aLondonbFaber & Faber Limited a150p vVolume 3